| 000 | 00532nam a2200181Ia 4500 | ||
|---|---|---|---|
| 005 | 20250326125326.0 | ||
| 008 | 250326s9999 xx 000 0 und d | ||
| 037 | _aTextbook | ||
| 040 |
_aFMSL _beng _cFMSL |
||
| 041 |
_aeng _2eng |
||
| 084 |
_aX8(A)y7 L4.2 _qFMSL |
||
| 100 |
_aKalra S K _9738879 |
||
| 245 | 0 |
_aProject studies in industrial engineering _cKalra S K; Anathkrishand B |
|
| 260 |
_aNew Delhi _bNew Delhi, National _c1976 |
||
| 300 | _a298p | ||
| 942 |
_cTB _hX8(A)y7 L4.2 |
||
| 999 |
_c1277535 _d1277535 |
||